000 00965nam0a2200241 4500
001 RU\NLR\BIBL_A\011294237
005 20260406072843.0
035 _a(NLR Aleph) 011294237
090 _a10940172
_c10940172
100 _a20161217d1977 |||y0rusy50 ca
101 0 _aalt
102 _aRU
105 _ay z 000gy
200 1 _aМӧҥкӱлик Алтайдыҥ jаҥылгазы
_eӱлгерлер ле тууjы
_fБорис Укачин
210 _aГорно-Алтайск
_cАлт. бичиктер чыг. изд. Туулу Алт. бӧлӱги
_d1977
215 _a123 с.
_d16
541 1 _aЭхо вечного Алтая
_eстихи и поэма
_zrus
686 1 _aШ6(2=Алт)7-5
700 1 _4070
_8rus
_7ca
_aУкачин
_cалтайский писатель
_bБ.У.
_f1936-2003
_gБорис Укачинович
_3RU\NLR\auth-onl\77598
_9130654
852 _aNLR
_bОНЛ
_jАлт./2-743
942 _cBOOK
980 _aNB